00669 a2200193 4500010001400000020002200014035001300036037001600049082001200065090001700077100002200094245004700116260004800163270007700211300002300288942002500311999001700336952012200353 aENG-89406 a8185883548c30.00 aEN-72939 bDBAD / PUB14a181.432 c10872d108721 aJyotir Maya Nanda1 aIntegral yoga today/cby Jyotir Maya Nanda aGhaziabadbInternational Yoga Societyc2008 aLal Bagh, LonibGhaziabade201102miys@vsnl.comcGhaziabadk0120-2600237 a96p.c22 cm (pbk) adplcENk181.432/JOY c10571d10571 00102ddc40718NFICaDBADbDBADeDBAD/PUBg30.00l0pEN-72939r2008-09-15 00:00:00t1u11642v30.00w2008-09-15yEN